| 000 | 00522nam a2200205 a 4500 | ||
|---|---|---|---|
| 999 |
_c7169 _d7169 |
||
| 001 | 7169 | ||
| 003 | BD-JhCC | ||
| 005 | 20180205174714.0 | ||
| 008 | 180205s1952 uk |||| |||| 000 0 eng d | ||
| 035 | _a(BD-JhCC) | ||
| 040 |
_aBD-JhCC _dBD-JhCC |
||
| 041 | _aeng | ||
| 082 |
_a823.91 _bWOO 1952 |
||
| 100 | _aWoodforde, Christopher | ||
| 245 |
_aA Pad in the Straw / _cChristopher Woodforde |
||
| 260 |
_aLondon: _bJ. M. Dent & Sons Ltd; _c1952 |
||
| 300 |
_a235 p;, _c20 cm |
||
| 650 | _aGhost Stories | ||
| 942 |
_2ddc _cBK |
||